<?xml version="1.0" encoding="UTF-8"?>
<record
    xmlns:xsi="http://www.w3.org/2001/XMLSchema-instance"
    xsi:schemaLocation="http://www.loc.gov/MARC21/slim http://www.loc.gov/standards/marcxml/schema/MARC21slim.xsd"
    xmlns="http://www.loc.gov/MARC21/slim">

  <leader>01099nas a2200253 454500</leader>
  <controlfield tag="001">34778</controlfield>
  <controlfield tag="005">20260407193509.0</controlfield>
  <controlfield tag="008">260407s2015####ag###########|||spa#d</controlfield>
  <controlfield tag="003">AR-UNSa-BCEJYS</controlfield>
  <datafield tag="040" ind1=" " ind2=" ">
    <subfield code="a">AR-UNSa-BCEJYS</subfield>
    <subfield code="b">spa</subfield>
    <subfield code="c">AR-UNSa-BCEJYS</subfield>
  </datafield>
  <datafield tag="080" ind1=" " ind2=" ">
    <subfield code="a">347</subfield>
    <subfield code="x">Derecho Civil</subfield>
  </datafield>
  <datafield tag="245" ind1="1" ind2="0">
    <subfield code="a">Temas de derecho civil</subfield>
    <subfield code="p">persona y patrimonio</subfield>
  </datafield>
  <datafield tag="264" ind1=" " ind2="1">
    <subfield code="a">Buenos Aires :</subfield>
    <subfield code="b">Erreius</subfield>
    <subfield code="c">2015</subfield>
  </datafield>
  <datafield tag="310" ind1=" " ind2=" ">
    <subfield code="a">Frecuencia: Mensual
A partir del n&#xFA;mero correspondiente al mes de Febrero de 2024, cambia de periodicidad en forma bimestral
A partir del n&#xFA;mero correspondiente al mes de Julio/Agosto de 2024, cambia la direcci&#xF3;n a Flah, Lily R. y Ameal, Oscar J.
A partir del n&#xFA;mero correspondiente al mes de Enero/Febrero de 2025, cambia la direcci&#xF3;n a Ameal, Oscar J.</subfield>
  </datafield>
  <datafield tag="041" ind1=" " ind2=" ">
    <subfield code="a">spa</subfield>
  </datafield>
  <datafield tag="942" ind1=" " ind2=" ">
    <subfield code="c">SER</subfield>
  </datafield>
  <datafield tag="590" ind1=" " ind2=" ">
    <subfield code="a">niveau_biblio:s niveau_hierar:1</subfield>
  </datafield>
  <datafield tag="100" ind1="1" ind2=" ">
    <subfield code="a">Flah, Lily R.</subfield>
  </datafield>
  <datafield tag="700" ind1="1" ind2=" ">
    <subfield code="a">Tanzi, Silvia Y.</subfield>
  </datafield>
  <datafield tag="650" ind1=" " ind2=" ">
    <subfield code="a">Derecho civil</subfield>
  </datafield>
  <datafield tag="650" ind1=" " ind2=" ">
    <subfield code="a">PERSONAS JURIDICAS</subfield>
  </datafield>
  <datafield tag="650" ind1=" " ind2=" ">
    <subfield code="a">PATRIMONIO</subfield>
  </datafield>
  <datafield tag="856" ind1="4" ind2="1">
    <subfield code="u">https://biblioeco.unsa.edu.ar/pmb/images/revistas/R10507.jpg</subfield>
    <subfield code="y">Imagen de portada</subfield>
    <subfield code="q">image/jpeg</subfield>
  </datafield>
  <datafield tag="999" ind1=" " ind2=" ">
    <subfield code="c">8759</subfield>
    <subfield code="d">8759</subfield>
  </datafield>
  <datafield tag="952" ind1=" " ind2=" ">
    <subfield code="0">0</subfield>
    <subfield code="1">0</subfield>
    <subfield code="4">0</subfield>
    <subfield code="7">0</subfield>
    <subfield code="a">BCEJYS</subfield>
    <subfield code="b">BCEJYS</subfield>
    <subfield code="c">17</subfield>
    <subfield code="d">2024-08-01</subfield>
    <subfield code="h">A&#xF1;o 10, N&#xB0; 8/9 - ago./sep. 2024</subfield>
    <subfield code="l">0</subfield>
    <subfield code="o">H347 CIV 8/9.2024</subfield>
    <subfield code="p">R23361</subfield>
    <subfield code="r">2026-04-10 16:09:29</subfield>
    <subfield code="w">2026-04-10</subfield>
    <subfield code="y">RN</subfield>
  </datafield>
  <datafield tag="952" ind1=" " ind2=" ">
    <subfield code="0">0</subfield>
    <subfield code="1">0</subfield>
    <subfield code="4">0</subfield>
    <subfield code="7">0</subfield>
    <subfield code="a">BCEJYS</subfield>
    <subfield code="b">BCEJYS</subfield>
    <subfield code="c">17</subfield>
    <subfield code="d">2024-06-01</subfield>
    <subfield code="h">A&#xF1;o 10, N&#xB0; 6/7 - jun./jul 2024</subfield>
    <subfield code="l">0</subfield>
    <subfield code="o">H347 CIV 6/7.2024</subfield>
    <subfield code="p">R23357</subfield>
    <subfield code="r">2026-04-10 16:09:29</subfield>
    <subfield code="w">2026-04-10</subfield>
    <subfield code="y">RN</subfield>
  </datafield>
  <datafield tag="952" ind1=" " ind2=" ">
    <subfield code="0">0</subfield>
    <subfield code="1">0</subfield>
    <subfield code="4">0</subfield>
    <subfield code="7">0</subfield>
    <subfield code="a">BCEJYS</subfield>
    <subfield code="b">BCEJYS</subfield>
    <subfield code="c">17</subfield>
    <subfield code="d">2024-04-01</subfield>
    <subfield code="h">A&#xF1;o 10, N&#xB0; 4/5 - abr./mayo 2024</subfield>
    <subfield code="l">0</subfield>
    <subfield code="o">H347 CIV 4/5.2024</subfield>
    <subfield code="p">R10399</subfield>
    <subfield code="r">2026-04-10 16:09:29</subfield>
    <subfield code="w">2026-04-10</subfield>
    <subfield code="y">RN</subfield>
  </datafield>
  <datafield tag="952" ind1=" " ind2=" ">
    <subfield code="0">0</subfield>
    <subfield code="1">0</subfield>
    <subfield code="4">0</subfield>
    <subfield code="7">0</subfield>
    <subfield code="a">BCEJYS</subfield>
    <subfield code="b">BCEJYS</subfield>
    <subfield code="c">17</subfield>
    <subfield code="d">2024-02-01</subfield>
    <subfield code="h">A&#xF1;o 10, N&#xB0; 2/3 - feb./mar. 2024</subfield>
    <subfield code="l">0</subfield>
    <subfield code="o">H347 CIV 2/3.2024</subfield>
    <subfield code="p">R10428</subfield>
    <subfield code="r">2026-04-10 16:09:29</subfield>
    <subfield code="w">2026-04-10</subfield>
    <subfield code="y">RN</subfield>
  </datafield>
  <datafield tag="952" ind1=" " ind2=" ">
    <subfield code="0">0</subfield>
    <subfield code="1">0</subfield>
    <subfield code="4">0</subfield>
    <subfield code="7">0</subfield>
    <subfield code="a">BCEJYS</subfield>
    <subfield code="b">BCEJYS</subfield>
    <subfield code="c">17</subfield>
    <subfield code="d">2023-12-01</subfield>
    <subfield code="h">A&#xF1;o 9, N&#xB0; 12 - dic. 2023</subfield>
    <subfield code="l">0</subfield>
    <subfield code="o">H347 CIV 12.2023</subfield>
    <subfield code="p">R00480</subfield>
    <subfield code="r">2026-04-10 16:09:29</subfield>
    <subfield code="w">2026-04-10</subfield>
    <subfield code="y">RN</subfield>
  </datafield>
  <datafield tag="952" ind1=" " ind2=" ">
    <subfield code="0">0</subfield>
    <subfield code="1">0</subfield>
    <subfield code="4">0</subfield>
    <subfield code="7">0</subfield>
    <subfield code="a">BCEJYS</subfield>
    <subfield code="b">BCEJYS</subfield>
    <subfield code="c">17</subfield>
    <subfield code="d">2023-11-01</subfield>
    <subfield code="h">A&#xF1;o 9, N&#xB0; 11 - nov. 2023</subfield>
    <subfield code="l">0</subfield>
    <subfield code="o">H347 CIV 11.2023</subfield>
    <subfield code="p">R00436</subfield>
    <subfield code="r">2026-04-10 16:09:29</subfield>
    <subfield code="w">2026-04-10</subfield>
    <subfield code="y">RN</subfield>
  </datafield>
  <datafield tag="952" ind1=" " ind2=" ">
    <subfield code="0">0</subfield>
    <subfield code="1">0</subfield>
    <subfield code="4">0</subfield>
    <subfield code="7">0</subfield>
    <subfield code="a">BCEJYS</subfield>
    <subfield code="b">BCEJYS</subfield>
    <subfield code="c">17</subfield>
    <subfield code="d">2023-10-01</subfield>
    <subfield code="h">A&#xF1;o 9, N&#xB0; 10 - oct. 2023</subfield>
    <subfield code="l">0</subfield>
    <subfield code="o">H347 CIV 10.2023</subfield>
    <subfield code="p">R00418</subfield>
    <subfield code="r">2026-04-10 16:09:29</subfield>
    <subfield code="w">2026-04-10</subfield>
    <subfield code="y">RN</subfield>
  </datafield>
  <datafield tag="952" ind1=" " ind2=" ">
    <subfield code="0">0</subfield>
    <subfield code="1">0</subfield>
    <subfield code="4">0</subfield>
    <subfield code="7">0</subfield>
    <subfield code="a">BCEJYS</subfield>
    <subfield code="b">BCEJYS</subfield>
    <subfield code="c">17</subfield>
    <subfield code="d">2023-09-01</subfield>
    <subfield code="h">A&#xF1;o 9, N&#xB0; 9 - sep. 2023</subfield>
    <subfield code="l">0</subfield>
    <subfield code="o">H347 CIV 9.2023</subfield>
    <subfield code="p">R10405</subfield>
    <subfield code="r">2026-04-10 16:09:29</subfield>
    <subfield code="w">2026-04-10</subfield>
    <subfield code="y">RN</subfield>
  </datafield>
  <datafield tag="952" ind1=" " ind2=" ">
    <subfield code="0">0</subfield>
    <subfield code="1">0</subfield>
    <subfield code="4">0</subfield>
    <subfield code="7">0</subfield>
    <subfield code="a">BCEJYS</subfield>
    <subfield code="b">BCEJYS</subfield>
    <subfield code="c">17</subfield>
    <subfield code="d">2023-08-01</subfield>
    <subfield code="h">A&#xF1;o 9, N&#xB0; 8 - ago. 2023</subfield>
    <subfield code="l">0</subfield>
    <subfield code="o">H347 CIV 8.2023</subfield>
    <subfield code="p">R10361</subfield>
    <subfield code="r">2026-04-10 16:09:29</subfield>
    <subfield code="w">2026-04-10</subfield>
    <subfield code="y">RN</subfield>
  </datafield>
  <datafield tag="952" ind1=" " ind2=" ">
    <subfield code="0">0</subfield>
    <subfield code="1">0</subfield>
    <subfield code="4">0</subfield>
    <subfield code="7">0</subfield>
    <subfield code="a">BCEJYS</subfield>
    <subfield code="b">BCEJYS</subfield>
    <subfield code="c">17</subfield>
    <subfield code="d">2023-07-01</subfield>
    <subfield code="h">A&#xF1;o 9, N&#xB0; 7 - jul. 2023</subfield>
    <subfield code="l">0</subfield>
    <subfield code="o">H347 CIV 7.2023</subfield>
    <subfield code="p">R09700</subfield>
    <subfield code="r">2026-04-10 16:09:29</subfield>
    <subfield code="w">2026-04-10</subfield>
    <subfield code="y">RN</subfield>
  </datafield>
  <datafield tag="952" ind1=" " ind2=" ">
    <subfield code="0">0</subfield>
    <subfield code="1">0</subfield>
    <subfield code="4">0</subfield>
    <subfield code="7">0</subfield>
    <subfield code="a">BCEJYS</subfield>
    <subfield code="b">BCEJYS</subfield>
    <subfield code="c">17</subfield>
    <subfield code="d">2023-06-01</subfield>
    <subfield code="h">A&#xF1;o 9, N&#xB0; 6 - jun. 2023</subfield>
    <subfield code="l">0</subfield>
    <subfield code="o">H347 CIV 6.2023</subfield>
    <subfield code="p">R10342</subfield>
    <subfield code="r">2026-04-10 16:09:29</subfield>
    <subfield code="w">2026-04-10</subfield>
    <subfield code="y">RN</subfield>
  </datafield>
  <datafield tag="952" ind1=" " ind2=" ">
    <subfield code="0">0</subfield>
    <subfield code="1">0</subfield>
    <subfield code="4">0</subfield>
    <subfield code="7">0</subfield>
    <subfield code="a">BCEJYS</subfield>
    <subfield code="b">BCEJYS</subfield>
    <subfield code="c">17</subfield>
    <subfield code="d">2023-05-01</subfield>
    <subfield code="h">A&#xF1;o 9, N&#xB0; 5 - mayo 2023</subfield>
    <subfield code="l">0</subfield>
    <subfield code="o">H347 CIV 5.2023</subfield>
    <subfield code="p">R10480</subfield>
    <subfield code="r">2026-04-10 16:09:29</subfield>
    <subfield code="w">2026-04-10</subfield>
    <subfield code="y">RN</subfield>
  </datafield>
  <datafield tag="952" ind1=" " ind2=" ">
    <subfield code="0">0</subfield>
    <subfield code="1">0</subfield>
    <subfield code="4">0</subfield>
    <subfield code="7">0</subfield>
    <subfield code="a">BCEJYS</subfield>
    <subfield code="b">BCEJYS</subfield>
    <subfield code="c">17</subfield>
    <subfield code="d">2023-04-01</subfield>
    <subfield code="h">A&#xF1;o 9, N&#xB0; 4 - abr. 2023</subfield>
    <subfield code="l">0</subfield>
    <subfield code="o">H347 CIV 4.2023</subfield>
    <subfield code="p">R10462</subfield>
    <subfield code="r">2026-04-10 16:09:29</subfield>
    <subfield code="w">2026-04-10</subfield>
    <subfield code="y">RN</subfield>
  </datafield>
  <datafield tag="952" ind1=" " ind2=" ">
    <subfield code="0">0</subfield>
    <subfield code="1">0</subfield>
    <subfield code="4">0</subfield>
    <subfield code="7">0</subfield>
    <subfield code="a">BCEJYS</subfield>
    <subfield code="b">BCEJYS</subfield>
    <subfield code="c">17</subfield>
    <subfield code="d">2023-03-01</subfield>
    <subfield code="h">A&#xF1;o 9, N&#xB0; 3 - mar. 2023</subfield>
    <subfield code="l">0</subfield>
    <subfield code="o">H347 CIV 3.2023</subfield>
    <subfield code="p">R10381</subfield>
    <subfield code="r">2026-04-10 16:09:29</subfield>
    <subfield code="w">2026-04-10</subfield>
    <subfield code="y">RN</subfield>
  </datafield>
  <datafield tag="952" ind1=" " ind2=" ">
    <subfield code="0">0</subfield>
    <subfield code="1">0</subfield>
    <subfield code="4">0</subfield>
    <subfield code="7">0</subfield>
    <subfield code="a">BCEJYS</subfield>
    <subfield code="b">BCEJYS</subfield>
    <subfield code="c">17</subfield>
    <subfield code="d">2023-02-01</subfield>
    <subfield code="h">A&#xF1;o 9, N&#xB0; 2 - feb. 2023</subfield>
    <subfield code="l">0</subfield>
    <subfield code="o">H347 CIV 2.2023</subfield>
    <subfield code="p">R10507</subfield>
    <subfield code="r">2026-04-10 16:09:29</subfield>
    <subfield code="w">2026-04-10</subfield>
    <subfield code="y">RN</subfield>
  </datafield>
  <datafield tag="952" ind1=" " ind2=" ">
    <subfield code="0">0</subfield>
    <subfield code="1">0</subfield>
    <subfield code="4">0</subfield>
    <subfield code="7">0</subfield>
    <subfield code="a">BCEJYS</subfield>
    <subfield code="b">BCEJYS</subfield>
    <subfield code="c">17</subfield>
    <subfield code="d">2022-12-01</subfield>
    <subfield code="h">A&#xF1;o 8, N&#xB0; 12 - dic. 2022</subfield>
    <subfield code="l">0</subfield>
    <subfield code="o">H347 CIV 12.2022</subfield>
    <subfield code="p">R10557</subfield>
    <subfield code="r">2026-04-10 16:09:29</subfield>
    <subfield code="w">2026-04-10</subfield>
    <subfield code="y">RN</subfield>
  </datafield>
  <datafield tag="952" ind1=" " ind2=" ">
    <subfield code="0">0</subfield>
    <subfield code="1">0</subfield>
    <subfield code="4">0</subfield>
    <subfield code="7">0</subfield>
    <subfield code="a">BCEJYS</subfield>
    <subfield code="b">BCEJYS</subfield>
    <subfield code="c">17</subfield>
    <subfield code="d">2022-11-01</subfield>
    <subfield code="h">A&#xF1;o 8, N&#xBA; 11 - nov. 2022</subfield>
    <subfield code="l">0</subfield>
    <subfield code="o">H347 CIV 11.2022</subfield>
    <subfield code="p">R00451</subfield>
    <subfield code="r">2026-04-10 16:09:29</subfield>
    <subfield code="w">2026-04-10</subfield>
    <subfield code="y">RN</subfield>
  </datafield>
  <datafield tag="952" ind1=" " ind2=" ">
    <subfield code="0">0</subfield>
    <subfield code="1">0</subfield>
    <subfield code="4">0</subfield>
    <subfield code="7">0</subfield>
    <subfield code="a">BCEJYS</subfield>
    <subfield code="b">BCEJYS</subfield>
    <subfield code="c">17</subfield>
    <subfield code="d">2022-10-01</subfield>
    <subfield code="h">A&#xF1;o 8, N&#xB0;10 - oct. 2022</subfield>
    <subfield code="l">0</subfield>
    <subfield code="o">H347 CIV 10.2022</subfield>
    <subfield code="p">R10527</subfield>
    <subfield code="r">2026-04-10 16:09:29</subfield>
    <subfield code="w">2026-04-10</subfield>
    <subfield code="y">RN</subfield>
  </datafield>
  <datafield tag="952" ind1=" " ind2=" ">
    <subfield code="0">0</subfield>
    <subfield code="1">0</subfield>
    <subfield code="4">0</subfield>
    <subfield code="7">0</subfield>
    <subfield code="a">BCEJYS</subfield>
    <subfield code="b">BCEJYS</subfield>
    <subfield code="c">17</subfield>
    <subfield code="d">2022-09-01</subfield>
    <subfield code="h">A&#xF1;o 8, N&#xB0; 9 - sep. 2022</subfield>
    <subfield code="l">0</subfield>
    <subfield code="o">H347 CIV 9.2022</subfield>
    <subfield code="p">R10534</subfield>
    <subfield code="r">2026-04-10 16:09:29</subfield>
    <subfield code="w">2026-04-10</subfield>
    <subfield code="y">RN</subfield>
  </datafield>
  <datafield tag="952" ind1=" " ind2=" ">
    <subfield code="0">0</subfield>
    <subfield code="1">0</subfield>
    <subfield code="4">0</subfield>
    <subfield code="7">0</subfield>
    <subfield code="a">BCEJYS</subfield>
    <subfield code="b">BCEJYS</subfield>
    <subfield code="c">17</subfield>
    <subfield code="d">2022-08-01</subfield>
    <subfield code="h">A&#xF1;o 8, N&#xB0; 8 - ago. 2022</subfield>
    <subfield code="l">0</subfield>
    <subfield code="o">H347 CIV 8.2022</subfield>
    <subfield code="p">R10439</subfield>
    <subfield code="r">2026-04-10 16:09:29</subfield>
    <subfield code="w">2026-04-10</subfield>
    <subfield code="y">RN</subfield>
  </datafield>
  <datafield tag="952" ind1=" " ind2=" ">
    <subfield code="0">0</subfield>
    <subfield code="1">0</subfield>
    <subfield code="4">0</subfield>
    <subfield code="7">0</subfield>
    <subfield code="a">BCEJYS</subfield>
    <subfield code="b">BCEJYS</subfield>
    <subfield code="c">17</subfield>
    <subfield code="d">2022-07-01</subfield>
    <subfield code="h">A&#xF1;o 8, N&#xB0; 7 - jul. 2022</subfield>
    <subfield code="l">0</subfield>
    <subfield code="o">H347 CIV 7.2022</subfield>
    <subfield code="p">R10404</subfield>
    <subfield code="r">2026-04-10 16:09:29</subfield>
    <subfield code="w">2026-04-10</subfield>
    <subfield code="y">RN</subfield>
  </datafield>
  <datafield tag="952" ind1=" " ind2=" ">
    <subfield code="0">0</subfield>
    <subfield code="1">0</subfield>
    <subfield code="4">0</subfield>
    <subfield code="7">0</subfield>
    <subfield code="a">BCEJYS</subfield>
    <subfield code="b">BCEJYS</subfield>
    <subfield code="c">17</subfield>
    <subfield code="d">2022-06-01</subfield>
    <subfield code="h">A&#xF1;o 8, N&#xB0; 6 - jun. 2022</subfield>
    <subfield code="l">0</subfield>
    <subfield code="o">H347 CIV 6.2022</subfield>
    <subfield code="p">R01759</subfield>
    <subfield code="r">2026-04-10 16:09:29</subfield>
    <subfield code="w">2026-04-10</subfield>
    <subfield code="y">RN</subfield>
  </datafield>
  <datafield tag="952" ind1=" " ind2=" ">
    <subfield code="0">0</subfield>
    <subfield code="1">0</subfield>
    <subfield code="4">0</subfield>
    <subfield code="7">0</subfield>
    <subfield code="a">BCEJYS</subfield>
    <subfield code="b">BCEJYS</subfield>
    <subfield code="c">17</subfield>
    <subfield code="d">2022-05-01</subfield>
    <subfield code="h">A&#xF1;o 8, N&#xB0; 5 - mayo 2022</subfield>
    <subfield code="l">0</subfield>
    <subfield code="o">H347 CIV 5.2022</subfield>
    <subfield code="p">R01760</subfield>
    <subfield code="r">2026-04-10 16:09:29</subfield>
    <subfield code="w">2026-04-10</subfield>
    <subfield code="y">RN</subfield>
  </datafield>
  <datafield tag="952" ind1=" " ind2=" ">
    <subfield code="0">0</subfield>
    <subfield code="1">0</subfield>
    <subfield code="4">0</subfield>
    <subfield code="7">0</subfield>
    <subfield code="a">BCEJYS</subfield>
    <subfield code="b">BCEJYS</subfield>
    <subfield code="c">17</subfield>
    <subfield code="d">2022-04-01</subfield>
    <subfield code="h">A&#xF1;o 8, N&#xB0; 4 - abr. 2022</subfield>
    <subfield code="l">0</subfield>
    <subfield code="o">H347 CIV 4.2022</subfield>
    <subfield code="p">R14155</subfield>
    <subfield code="r">2026-04-10 16:09:29</subfield>
    <subfield code="w">2026-04-10</subfield>
    <subfield code="y">RN</subfield>
  </datafield>
  <datafield tag="952" ind1=" " ind2=" ">
    <subfield code="0">0</subfield>
    <subfield code="1">0</subfield>
    <subfield code="4">0</subfield>
    <subfield code="7">0</subfield>
    <subfield code="a">BCEJYS</subfield>
    <subfield code="b">BCEJYS</subfield>
    <subfield code="c">17</subfield>
    <subfield code="d">2022-03-01</subfield>
    <subfield code="h">A&#xF1;o 8, N&#xB0; 3 - mar. 2022</subfield>
    <subfield code="l">0</subfield>
    <subfield code="o">H347 CIV 3.2022</subfield>
    <subfield code="p">R14048</subfield>
    <subfield code="r">2026-04-10 16:09:29</subfield>
    <subfield code="w">2026-04-10</subfield>
    <subfield code="y">RN</subfield>
  </datafield>
  <datafield tag="952" ind1=" " ind2=" ">
    <subfield code="0">0</subfield>
    <subfield code="1">0</subfield>
    <subfield code="4">0</subfield>
    <subfield code="7">0</subfield>
    <subfield code="a">BCEJYS</subfield>
    <subfield code="b">BCEJYS</subfield>
    <subfield code="c">17</subfield>
    <subfield code="d">2022-02-01</subfield>
    <subfield code="h">A&#xF1;o 8, N&#xB0; 2 - feb. 2022</subfield>
    <subfield code="l">0</subfield>
    <subfield code="o">H347 CIV 2.2022</subfield>
    <subfield code="p">R14060</subfield>
    <subfield code="r">2026-04-10 16:09:29</subfield>
    <subfield code="w">2026-04-10</subfield>
    <subfield code="y">RN</subfield>
  </datafield>
  <datafield tag="952" ind1=" " ind2=" ">
    <subfield code="0">0</subfield>
    <subfield code="1">0</subfield>
    <subfield code="4">0</subfield>
    <subfield code="7">0</subfield>
    <subfield code="a">BCEJYS</subfield>
    <subfield code="b">BCEJYS</subfield>
    <subfield code="c">17</subfield>
    <subfield code="d">2021-12-01</subfield>
    <subfield code="h">A&#xF1;o 7, N&#xB0; 12 - dic. 2021</subfield>
    <subfield code="l">0</subfield>
    <subfield code="o">H347 CIV 12.2021</subfield>
    <subfield code="p">R09978</subfield>
    <subfield code="r">2026-04-10 16:09:29</subfield>
    <subfield code="w">2026-04-10</subfield>
    <subfield code="y">RN</subfield>
  </datafield>
  <datafield tag="952" ind1=" " ind2=" ">
    <subfield code="0">0</subfield>
    <subfield code="1">0</subfield>
    <subfield code="4">0</subfield>
    <subfield code="7">0</subfield>
    <subfield code="a">BCEJYS</subfield>
    <subfield code="b">BCEJYS</subfield>
    <subfield code="c">17</subfield>
    <subfield code="d">2021-11-01</subfield>
    <subfield code="h">A&#xF1;o 7, N&#xB0; 11 - nov. 2021</subfield>
    <subfield code="l">0</subfield>
    <subfield code="o">H347 CIV 11.2021</subfield>
    <subfield code="p">R10161</subfield>
    <subfield code="r">2026-04-10 16:09:29</subfield>
    <subfield code="w">2026-04-10</subfield>
    <subfield code="y">RN</subfield>
  </datafield>
  <datafield tag="952" ind1=" " ind2=" ">
    <subfield code="0">0</subfield>
    <subfield code="1">0</subfield>
    <subfield code="4">0</subfield>
    <subfield code="7">0</subfield>
    <subfield code="a">BCEJYS</subfield>
    <subfield code="b">BCEJYS</subfield>
    <subfield code="c">17</subfield>
    <subfield code="d">2021-10-01</subfield>
    <subfield code="h">A&#xF1;o 7, N&#xB0; 10 - oct. 2021</subfield>
    <subfield code="l">0</subfield>
    <subfield code="o">H347 CIV 10.2021</subfield>
    <subfield code="p">R23316</subfield>
    <subfield code="r">2026-04-10 16:09:29</subfield>
    <subfield code="w">2026-04-10</subfield>
    <subfield code="y">RN</subfield>
  </datafield>
  <datafield tag="952" ind1=" " ind2=" ">
    <subfield code="0">0</subfield>
    <subfield code="1">0</subfield>
    <subfield code="4">0</subfield>
    <subfield code="7">0</subfield>
    <subfield code="a">BCEJYS</subfield>
    <subfield code="b">BCEJYS</subfield>
    <subfield code="c">17</subfield>
    <subfield code="d">2021-09-01</subfield>
    <subfield code="h">A&#xF1;o 7, N&#xB0; 9 - sep. 2021</subfield>
    <subfield code="l">0</subfield>
    <subfield code="o">H347 CIV 9.2021</subfield>
    <subfield code="p">R22691</subfield>
    <subfield code="r">2026-04-10 16:09:29</subfield>
    <subfield code="w">2026-04-10</subfield>
    <subfield code="y">RN</subfield>
  </datafield>
  <datafield tag="952" ind1=" " ind2=" ">
    <subfield code="0">0</subfield>
    <subfield code="1">0</subfield>
    <subfield code="4">0</subfield>
    <subfield code="7">0</subfield>
    <subfield code="a">BCEJYS</subfield>
    <subfield code="b">BCEJYS</subfield>
    <subfield code="c">17</subfield>
    <subfield code="d">2021-08-01</subfield>
    <subfield code="h">A&#xF1;o 7, N&#xBA; 8 - ago. 2021</subfield>
    <subfield code="l">0</subfield>
    <subfield code="o">H347 CIV 8.2021</subfield>
    <subfield code="p">R22675</subfield>
    <subfield code="r">2026-04-10 16:09:29</subfield>
    <subfield code="w">2026-04-10</subfield>
    <subfield code="y">RN</subfield>
  </datafield>
  <datafield tag="952" ind1=" " ind2=" ">
    <subfield code="0">0</subfield>
    <subfield code="1">0</subfield>
    <subfield code="4">0</subfield>
    <subfield code="7">0</subfield>
    <subfield code="a">BCEJYS</subfield>
    <subfield code="b">BCEJYS</subfield>
    <subfield code="c">17</subfield>
    <subfield code="d">2021-07-01</subfield>
    <subfield code="h">A&#xF1;o 7, N&#xB0; 7 - jul. 2021</subfield>
    <subfield code="l">0</subfield>
    <subfield code="o">H347 CIV 7.2021</subfield>
    <subfield code="p">R22666</subfield>
    <subfield code="r">2026-04-10 16:09:29</subfield>
    <subfield code="w">2026-04-10</subfield>
    <subfield code="y">RN</subfield>
  </datafield>
  <datafield tag="952" ind1=" " ind2=" ">
    <subfield code="0">0</subfield>
    <subfield code="1">0</subfield>
    <subfield code="4">0</subfield>
    <subfield code="7">0</subfield>
    <subfield code="a">BCEJYS</subfield>
    <subfield code="b">BCEJYS</subfield>
    <subfield code="c">17</subfield>
    <subfield code="d">2021-06-01</subfield>
    <subfield code="h">A&#xF1;o 7, N&#xB0; 6 - jun. 2021</subfield>
    <subfield code="l">0</subfield>
    <subfield code="o">H347 CIV 6.2021</subfield>
    <subfield code="p">R22645</subfield>
    <subfield code="r">2026-04-10 16:09:29</subfield>
    <subfield code="w">2026-04-10</subfield>
    <subfield code="y">RN</subfield>
  </datafield>
  <datafield tag="952" ind1=" " ind2=" ">
    <subfield code="0">0</subfield>
    <subfield code="1">0</subfield>
    <subfield code="4">0</subfield>
    <subfield code="7">0</subfield>
    <subfield code="a">BCEJYS</subfield>
    <subfield code="b">BCEJYS</subfield>
    <subfield code="c">17</subfield>
    <subfield code="d">2021-05-01</subfield>
    <subfield code="h">A&#xF1;o 7, N&#xB0; 5 - mayo 2021</subfield>
    <subfield code="l">0</subfield>
    <subfield code="o">H347 CIV 5.2021</subfield>
    <subfield code="p">R22635</subfield>
    <subfield code="r">2026-04-10 16:09:29</subfield>
    <subfield code="w">2026-04-10</subfield>
    <subfield code="y">RN</subfield>
  </datafield>
  <datafield tag="952" ind1=" " ind2=" ">
    <subfield code="0">0</subfield>
    <subfield code="1">0</subfield>
    <subfield code="4">0</subfield>
    <subfield code="7">0</subfield>
    <subfield code="a">BCEJYS</subfield>
    <subfield code="b">BCEJYS</subfield>
    <subfield code="c">17</subfield>
    <subfield code="d">2021-04-01</subfield>
    <subfield code="h">A&#xF1;o 7, N&#xB0; 4 - abr. 2021</subfield>
    <subfield code="l">0</subfield>
    <subfield code="o">H347 CIV 4.2021</subfield>
    <subfield code="p">R22608</subfield>
    <subfield code="r">2026-04-10 16:09:29</subfield>
    <subfield code="w">2026-04-10</subfield>
    <subfield code="y">RN</subfield>
  </datafield>
  <datafield tag="952" ind1=" " ind2=" ">
    <subfield code="0">0</subfield>
    <subfield code="1">0</subfield>
    <subfield code="4">0</subfield>
    <subfield code="7">0</subfield>
    <subfield code="a">BCEJYS</subfield>
    <subfield code="b">BCEJYS</subfield>
    <subfield code="c">17</subfield>
    <subfield code="d">2021-03-01</subfield>
    <subfield code="h">A&#xF1;o 7, N&#xB0; 3 - mar. 2021</subfield>
    <subfield code="l">0</subfield>
    <subfield code="o">H347 CIV 3.2021</subfield>
    <subfield code="p">R22591</subfield>
    <subfield code="r">2026-04-10 16:09:29</subfield>
    <subfield code="w">2026-04-10</subfield>
    <subfield code="y">RN</subfield>
  </datafield>
  <datafield tag="952" ind1=" " ind2=" ">
    <subfield code="0">0</subfield>
    <subfield code="1">0</subfield>
    <subfield code="4">0</subfield>
    <subfield code="7">0</subfield>
    <subfield code="a">BCEJYS</subfield>
    <subfield code="b">BCEJYS</subfield>
    <subfield code="c">17</subfield>
    <subfield code="d">2021-02-01</subfield>
    <subfield code="h">A&#xF1;o 7, N&#xB0; 2 - feb. 2021</subfield>
    <subfield code="l">0</subfield>
    <subfield code="o">H347 CIV 2.2021</subfield>
    <subfield code="p">R22574</subfield>
    <subfield code="r">2026-04-10 16:09:29</subfield>
    <subfield code="w">2026-04-10</subfield>
    <subfield code="y">RN</subfield>
  </datafield>
  <datafield tag="952" ind1=" " ind2=" ">
    <subfield code="0">0</subfield>
    <subfield code="1">0</subfield>
    <subfield code="4">0</subfield>
    <subfield code="7">0</subfield>
    <subfield code="a">BCEJYS</subfield>
    <subfield code="b">BCEJYS</subfield>
    <subfield code="c">17</subfield>
    <subfield code="d">2020-12-01</subfield>
    <subfield code="h">A&#xF1;o 6, N&#xB0; 12 - dic. 2020</subfield>
    <subfield code="l">0</subfield>
    <subfield code="o">H347 CIV 12.2020</subfield>
    <subfield code="p">R22521</subfield>
    <subfield code="r">2026-04-10 16:09:29</subfield>
    <subfield code="w">2026-04-10</subfield>
    <subfield code="y">RN</subfield>
  </datafield>
  <datafield tag="952" ind1=" " ind2=" ">
    <subfield code="0">0</subfield>
    <subfield code="1">0</subfield>
    <subfield code="4">0</subfield>
    <subfield code="7">0</subfield>
    <subfield code="a">BCEJYS</subfield>
    <subfield code="b">BCEJYS</subfield>
    <subfield code="c">17</subfield>
    <subfield code="d">2020-11-01</subfield>
    <subfield code="h">A&#xF1;o 6, N&#xB0; 11 - nov. 2020</subfield>
    <subfield code="l">0</subfield>
    <subfield code="o">H347 CIV 11.2020</subfield>
    <subfield code="p">R22509</subfield>
    <subfield code="r">2026-04-10 16:09:29</subfield>
    <subfield code="w">2026-04-10</subfield>
    <subfield code="y">RN</subfield>
  </datafield>
  <datafield tag="952" ind1=" " ind2=" ">
    <subfield code="0">0</subfield>
    <subfield code="1">0</subfield>
    <subfield code="4">0</subfield>
    <subfield code="7">0</subfield>
    <subfield code="a">BCEJYS</subfield>
    <subfield code="b">BCEJYS</subfield>
    <subfield code="c">17</subfield>
    <subfield code="d">2020-10-01</subfield>
    <subfield code="h">A&#xF1;o 6, N&#xB0; 10 - oct. 2020</subfield>
    <subfield code="l">0</subfield>
    <subfield code="o">H347 CIV 10.2020</subfield>
    <subfield code="p">R22493</subfield>
    <subfield code="r">2026-04-10 16:09:29</subfield>
    <subfield code="w">2026-04-10</subfield>
    <subfield code="y">RN</subfield>
  </datafield>
  <datafield tag="952" ind1=" " ind2=" ">
    <subfield code="0">0</subfield>
    <subfield code="1">0</subfield>
    <subfield code="4">0</subfield>
    <subfield code="7">0</subfield>
    <subfield code="a">BCEJYS</subfield>
    <subfield code="b">BCEJYS</subfield>
    <subfield code="c">17</subfield>
    <subfield code="d">2020-09-01</subfield>
    <subfield code="h">A&#xF1;o 6, N&#xB0; 9 - sep. 2020</subfield>
    <subfield code="l">0</subfield>
    <subfield code="o">H347 CIV 9.2020</subfield>
    <subfield code="p">R22449</subfield>
    <subfield code="r">2026-04-10 16:09:29</subfield>
    <subfield code="w">2026-04-10</subfield>
    <subfield code="y">RN</subfield>
  </datafield>
  <datafield tag="952" ind1=" " ind2=" ">
    <subfield code="0">0</subfield>
    <subfield code="1">0</subfield>
    <subfield code="4">0</subfield>
    <subfield code="7">0</subfield>
    <subfield code="a">BCEJYS</subfield>
    <subfield code="b">BCEJYS</subfield>
    <subfield code="c">17</subfield>
    <subfield code="d">2020-08-01</subfield>
    <subfield code="h">A&#xF1;o 6, N&#xB0; 8 - ago. 2020</subfield>
    <subfield code="l">0</subfield>
    <subfield code="o">H347 CIV 8.2020</subfield>
    <subfield code="p">R22429</subfield>
    <subfield code="r">2026-04-10 16:09:29</subfield>
    <subfield code="w">2026-04-10</subfield>
    <subfield code="y">RN</subfield>
  </datafield>
  <datafield tag="952" ind1=" " ind2=" ">
    <subfield code="0">0</subfield>
    <subfield code="1">0</subfield>
    <subfield code="4">0</subfield>
    <subfield code="7">0</subfield>
    <subfield code="a">BCEJYS</subfield>
    <subfield code="b">BCEJYS</subfield>
    <subfield code="c">17</subfield>
    <subfield code="d">2020-07-01</subfield>
    <subfield code="h">A&#xF1;o 6, N&#xB0; 7 - jul. 2020</subfield>
    <subfield code="l">0</subfield>
    <subfield code="o">H347 CIV 7.2020</subfield>
    <subfield code="p">R22428</subfield>
    <subfield code="r">2026-04-10 16:09:29</subfield>
    <subfield code="w">2026-04-10</subfield>
    <subfield code="y">RN</subfield>
  </datafield>
  <datafield tag="952" ind1=" " ind2=" ">
    <subfield code="0">0</subfield>
    <subfield code="1">0</subfield>
    <subfield code="4">0</subfield>
    <subfield code="7">0</subfield>
    <subfield code="a">BCEJYS</subfield>
    <subfield code="b">BCEJYS</subfield>
    <subfield code="c">17</subfield>
    <subfield code="d">2020-06-01</subfield>
    <subfield code="h">A&#xF1;o 6, N&#xB0; 6 - jun. 2020</subfield>
    <subfield code="l">0</subfield>
    <subfield code="o">H347 CIV 6.2020</subfield>
    <subfield code="p">R22401</subfield>
    <subfield code="r">2026-04-10 16:09:29</subfield>
    <subfield code="w">2026-04-10</subfield>
    <subfield code="y">RN</subfield>
  </datafield>
  <datafield tag="952" ind1=" " ind2=" ">
    <subfield code="0">0</subfield>
    <subfield code="1">0</subfield>
    <subfield code="4">0</subfield>
    <subfield code="7">0</subfield>
    <subfield code="a">BCEJYS</subfield>
    <subfield code="b">BCEJYS</subfield>
    <subfield code="c">17</subfield>
    <subfield code="d">2020-05-01</subfield>
    <subfield code="h">A&#xF1;o 6, N&#xB0; 5 - mayo 2020</subfield>
    <subfield code="l">0</subfield>
    <subfield code="o">H347 CIV 5.2020</subfield>
    <subfield code="p">R22400</subfield>
    <subfield code="r">2026-04-10 16:09:29</subfield>
    <subfield code="w">2026-04-10</subfield>
    <subfield code="y">RN</subfield>
  </datafield>
  <datafield tag="952" ind1=" " ind2=" ">
    <subfield code="0">0</subfield>
    <subfield code="1">0</subfield>
    <subfield code="4">0</subfield>
    <subfield code="7">0</subfield>
    <subfield code="a">BCEJYS</subfield>
    <subfield code="b">BCEJYS</subfield>
    <subfield code="c">17</subfield>
    <subfield code="d">2020-04-01</subfield>
    <subfield code="h">A&#xF1;o 6, N&#xB0; 4 - abr. 2020</subfield>
    <subfield code="l">0</subfield>
    <subfield code="o">H347 CIV 4.2020</subfield>
    <subfield code="p">R22399</subfield>
    <subfield code="r">2026-04-10 16:09:29</subfield>
    <subfield code="w">2026-04-10</subfield>
    <subfield code="y">RN</subfield>
  </datafield>
  <datafield tag="952" ind1=" " ind2=" ">
    <subfield code="0">0</subfield>
    <subfield code="1">0</subfield>
    <subfield code="4">0</subfield>
    <subfield code="7">0</subfield>
    <subfield code="a">BCEJYS</subfield>
    <subfield code="b">BCEJYS</subfield>
    <subfield code="c">17</subfield>
    <subfield code="d">2020-03-01</subfield>
    <subfield code="h">A&#xF1;o 6, N&#xB0; 3 - mar. 2020</subfield>
    <subfield code="l">0</subfield>
    <subfield code="o">H347 CIV 3.2020</subfield>
    <subfield code="p">R22393</subfield>
    <subfield code="r">2026-04-10 16:09:29</subfield>
    <subfield code="w">2026-04-10</subfield>
    <subfield code="y">RN</subfield>
  </datafield>
  <datafield tag="952" ind1=" " ind2=" ">
    <subfield code="0">0</subfield>
    <subfield code="1">0</subfield>
    <subfield code="4">0</subfield>
    <subfield code="7">0</subfield>
    <subfield code="a">BCEJYS</subfield>
    <subfield code="b">BCEJYS</subfield>
    <subfield code="c">17</subfield>
    <subfield code="d">2020-02-01</subfield>
    <subfield code="h">A&#xF1;o 6, N&#xB0; 2 - feb. 2020</subfield>
    <subfield code="l">0</subfield>
    <subfield code="o">H347 CIV 2.2020</subfield>
    <subfield code="p">R22371</subfield>
    <subfield code="r">2026-04-10 16:09:29</subfield>
    <subfield code="w">2026-04-10</subfield>
    <subfield code="y">RN</subfield>
  </datafield>
  <datafield tag="952" ind1=" " ind2=" ">
    <subfield code="0">0</subfield>
    <subfield code="1">0</subfield>
    <subfield code="4">0</subfield>
    <subfield code="7">0</subfield>
    <subfield code="a">BCEJYS</subfield>
    <subfield code="b">BCEJYS</subfield>
    <subfield code="c">17</subfield>
    <subfield code="d">2019-12-01</subfield>
    <subfield code="h">A&#xF1;o 5, N&#xB0; 12 - dic. 2019</subfield>
    <subfield code="l">0</subfield>
    <subfield code="o">H347 CIV 12.2019</subfield>
    <subfield code="p">R22348</subfield>
    <subfield code="r">2026-04-10 16:09:29</subfield>
    <subfield code="w">2026-04-10</subfield>
    <subfield code="y">RN</subfield>
  </datafield>
  <datafield tag="952" ind1=" " ind2=" ">
    <subfield code="0">0</subfield>
    <subfield code="1">0</subfield>
    <subfield code="4">0</subfield>
    <subfield code="7">0</subfield>
    <subfield code="a">BCEJYS</subfield>
    <subfield code="b">BCEJYS</subfield>
    <subfield code="c">17</subfield>
    <subfield code="d">2019-11-01</subfield>
    <subfield code="h">A&#xF1;o 5, N&#xB0; 11 - nov. 2019</subfield>
    <subfield code="l">0</subfield>
    <subfield code="o">H347 CIV 11.2019</subfield>
    <subfield code="p">R22329</subfield>
    <subfield code="r">2026-04-10 16:09:29</subfield>
    <subfield code="w">2026-04-10</subfield>
    <subfield code="y">RN</subfield>
  </datafield>
  <datafield tag="952" ind1=" " ind2=" ">
    <subfield code="0">0</subfield>
    <subfield code="1">0</subfield>
    <subfield code="4">0</subfield>
    <subfield code="7">0</subfield>
    <subfield code="a">BCEJYS</subfield>
    <subfield code="b">BCEJYS</subfield>
    <subfield code="c">17</subfield>
    <subfield code="d">2019-10-01</subfield>
    <subfield code="h">A&#xF1;o 5, N&#xB0; 10 - oct. 2019</subfield>
    <subfield code="l">0</subfield>
    <subfield code="o">H347 CIV 10.2019</subfield>
    <subfield code="p">R22291</subfield>
    <subfield code="r">2026-04-10 16:09:29</subfield>
    <subfield code="w">2026-04-10</subfield>
    <subfield code="y">RN</subfield>
  </datafield>
  <datafield tag="952" ind1=" " ind2=" ">
    <subfield code="0">0</subfield>
    <subfield code="1">0</subfield>
    <subfield code="4">0</subfield>
    <subfield code="7">0</subfield>
    <subfield code="a">BCEJYS</subfield>
    <subfield code="b">BCEJYS</subfield>
    <subfield code="c">17</subfield>
    <subfield code="d">2019-09-01</subfield>
    <subfield code="h">A&#xF1;o 5, N&#xB0; 9 - ago. 2019</subfield>
    <subfield code="l">0</subfield>
    <subfield code="o">H347 CIV 9.2019</subfield>
    <subfield code="p">R22276</subfield>
    <subfield code="r">2026-04-10 16:09:30</subfield>
    <subfield code="w">2026-04-10</subfield>
    <subfield code="y">RN</subfield>
  </datafield>
  <datafield tag="952" ind1=" " ind2=" ">
    <subfield code="0">0</subfield>
    <subfield code="1">0</subfield>
    <subfield code="4">0</subfield>
    <subfield code="7">0</subfield>
    <subfield code="a">BCEJYS</subfield>
    <subfield code="b">BCEJYS</subfield>
    <subfield code="c">17</subfield>
    <subfield code="d">2019-08-01</subfield>
    <subfield code="h">A&#xF1;o 5, N&#xB0; 8 - ago. 2019</subfield>
    <subfield code="l">0</subfield>
    <subfield code="o">H347 CIV 8.2019</subfield>
    <subfield code="p">R22260</subfield>
    <subfield code="r">2026-04-10 16:09:30</subfield>
    <subfield code="w">2026-04-10</subfield>
    <subfield code="y">RN</subfield>
  </datafield>
  <datafield tag="952" ind1=" " ind2=" ">
    <subfield code="0">0</subfield>
    <subfield code="1">0</subfield>
    <subfield code="4">0</subfield>
    <subfield code="7">0</subfield>
    <subfield code="a">BCEJYS</subfield>
    <subfield code="b">BCEJYS</subfield>
    <subfield code="c">17</subfield>
    <subfield code="d">2019-07-01</subfield>
    <subfield code="h">A&#xF1;o 5, N&#xB0; 7 - jul. 2019</subfield>
    <subfield code="l">0</subfield>
    <subfield code="o">H347 CIV 7.2019</subfield>
    <subfield code="p">R22236</subfield>
    <subfield code="r">2026-04-10 16:09:30</subfield>
    <subfield code="w">2026-04-10</subfield>
    <subfield code="y">RN</subfield>
  </datafield>
  <datafield tag="952" ind1=" " ind2=" ">
    <subfield code="0">0</subfield>
    <subfield code="1">0</subfield>
    <subfield code="4">0</subfield>
    <subfield code="7">0</subfield>
    <subfield code="a">BCEJYS</subfield>
    <subfield code="b">BCEJYS</subfield>
    <subfield code="c">17</subfield>
    <subfield code="d">2019-06-01</subfield>
    <subfield code="h">A&#xF1;o 5, N&#xB0; 6 - jun. 2019</subfield>
    <subfield code="l">0</subfield>
    <subfield code="o">H347 CIV 6.2019</subfield>
    <subfield code="p">R22207</subfield>
    <subfield code="r">2026-04-10 16:09:30</subfield>
    <subfield code="w">2026-04-10</subfield>
    <subfield code="y">RN</subfield>
  </datafield>
  <datafield tag="952" ind1=" " ind2=" ">
    <subfield code="0">0</subfield>
    <subfield code="1">0</subfield>
    <subfield code="4">0</subfield>
    <subfield code="7">0</subfield>
    <subfield code="a">BCEJYS</subfield>
    <subfield code="b">BCEJYS</subfield>
    <subfield code="c">17</subfield>
    <subfield code="d">2019-05-01</subfield>
    <subfield code="h">A&#xF1;o 5, N&#xB0; 5 - mayo 2019</subfield>
    <subfield code="l">0</subfield>
    <subfield code="o">H347 CIV 5.2019</subfield>
    <subfield code="p">R22209</subfield>
    <subfield code="r">2026-04-10 16:09:30</subfield>
    <subfield code="w">2026-04-10</subfield>
    <subfield code="y">RN</subfield>
  </datafield>
  <datafield tag="952" ind1=" " ind2=" ">
    <subfield code="0">0</subfield>
    <subfield code="1">0</subfield>
    <subfield code="4">0</subfield>
    <subfield code="7">0</subfield>
    <subfield code="a">BCEJYS</subfield>
    <subfield code="b">BCEJYS</subfield>
    <subfield code="c">17</subfield>
    <subfield code="d">2019-04-01</subfield>
    <subfield code="h">A&#xF1;o 5, N&#xB0; 4 - abr. 2019</subfield>
    <subfield code="l">0</subfield>
    <subfield code="o">H347 CIV 4.2019</subfield>
    <subfield code="p">R22176</subfield>
    <subfield code="r">2026-04-10 16:09:30</subfield>
    <subfield code="w">2026-04-10</subfield>
    <subfield code="y">RN</subfield>
  </datafield>
  <datafield tag="952" ind1=" " ind2=" ">
    <subfield code="0">0</subfield>
    <subfield code="1">0</subfield>
    <subfield code="4">0</subfield>
    <subfield code="7">0</subfield>
    <subfield code="a">BCEJYS</subfield>
    <subfield code="b">BCEJYS</subfield>
    <subfield code="c">17</subfield>
    <subfield code="d">2019-03-01</subfield>
    <subfield code="h">A&#xF1;o 5, N&#xB0; 3 - mar. 2019</subfield>
    <subfield code="l">0</subfield>
    <subfield code="o">H347 CIV 3.2019</subfield>
    <subfield code="p">R22157</subfield>
    <subfield code="r">2026-04-10 16:09:30</subfield>
    <subfield code="w">2026-04-10</subfield>
    <subfield code="y">RN</subfield>
  </datafield>
  <datafield tag="952" ind1=" " ind2=" ">
    <subfield code="0">0</subfield>
    <subfield code="1">0</subfield>
    <subfield code="4">0</subfield>
    <subfield code="7">0</subfield>
    <subfield code="a">BCEJYS</subfield>
    <subfield code="b">BCEJYS</subfield>
    <subfield code="c">17</subfield>
    <subfield code="d">2019-02-01</subfield>
    <subfield code="h">A&#xF1;o 5, N&#xB0; 2 - feb. 2019</subfield>
    <subfield code="l">0</subfield>
    <subfield code="o">H347 CIV 2.2019</subfield>
    <subfield code="p">R22125</subfield>
    <subfield code="r">2026-04-10 16:09:30</subfield>
    <subfield code="w">2026-04-10</subfield>
    <subfield code="y">RN</subfield>
  </datafield>
  <datafield tag="952" ind1=" " ind2=" ">
    <subfield code="0">0</subfield>
    <subfield code="1">0</subfield>
    <subfield code="4">0</subfield>
    <subfield code="7">0</subfield>
    <subfield code="a">BCEJYS</subfield>
    <subfield code="b">BCEJYS</subfield>
    <subfield code="c">17</subfield>
    <subfield code="d">2018-12-01</subfield>
    <subfield code="h">A&#xF1;o 4, N&#xB0; 12 - dic. 2018</subfield>
    <subfield code="l">0</subfield>
    <subfield code="o">H347 CIV 12.2018</subfield>
    <subfield code="p">R22076</subfield>
    <subfield code="r">2026-04-10 16:09:30</subfield>
    <subfield code="w">2026-04-10</subfield>
    <subfield code="y">RN</subfield>
  </datafield>
  <datafield tag="952" ind1=" " ind2=" ">
    <subfield code="0">0</subfield>
    <subfield code="1">0</subfield>
    <subfield code="4">0</subfield>
    <subfield code="7">0</subfield>
    <subfield code="a">BCEJYS</subfield>
    <subfield code="b">BCEJYS</subfield>
    <subfield code="c">17</subfield>
    <subfield code="d">2018-11-01</subfield>
    <subfield code="h">A&#xF1;o 4, N&#xB0; 11 - nov. 2018</subfield>
    <subfield code="l">0</subfield>
    <subfield code="o">H347 CIV 11.2018</subfield>
    <subfield code="p">R22055</subfield>
    <subfield code="r">2026-04-10 16:09:30</subfield>
    <subfield code="w">2026-04-10</subfield>
    <subfield code="y">RN</subfield>
  </datafield>
  <datafield tag="952" ind1=" " ind2=" ">
    <subfield code="0">0</subfield>
    <subfield code="1">0</subfield>
    <subfield code="4">0</subfield>
    <subfield code="7">0</subfield>
    <subfield code="a">BCEJYS</subfield>
    <subfield code="b">BCEJYS</subfield>
    <subfield code="c">17</subfield>
    <subfield code="d">2018-10-01</subfield>
    <subfield code="h">A&#xF1;o 4, N&#xB0; 10 - oct. 2018</subfield>
    <subfield code="l">0</subfield>
    <subfield code="o">H347 CIV 10.2018</subfield>
    <subfield code="p">R22026</subfield>
    <subfield code="r">2026-04-10 16:09:30</subfield>
    <subfield code="w">2026-04-10</subfield>
    <subfield code="y">RN</subfield>
  </datafield>
  <datafield tag="952" ind1=" " ind2=" ">
    <subfield code="0">0</subfield>
    <subfield code="1">0</subfield>
    <subfield code="4">0</subfield>
    <subfield code="7">0</subfield>
    <subfield code="a">BCEJYS</subfield>
    <subfield code="b">BCEJYS</subfield>
    <subfield code="c">17</subfield>
    <subfield code="d">2018-09-01</subfield>
    <subfield code="h">A&#xF1;o 4, N&#xB0; 9 - sep. 2018</subfield>
    <subfield code="l">0</subfield>
    <subfield code="o">H347 CIV 9.2018</subfield>
    <subfield code="p">R22017</subfield>
    <subfield code="r">2026-04-10 16:09:30</subfield>
    <subfield code="w">2026-04-10</subfield>
    <subfield code="y">RN</subfield>
  </datafield>
  <datafield tag="952" ind1=" " ind2=" ">
    <subfield code="0">0</subfield>
    <subfield code="1">0</subfield>
    <subfield code="4">0</subfield>
    <subfield code="7">0</subfield>
    <subfield code="a">BCEJYS</subfield>
    <subfield code="b">BCEJYS</subfield>
    <subfield code="c">17</subfield>
    <subfield code="d">2018-08-01</subfield>
    <subfield code="h">A&#xF1;o 4, N&#xB0; 8 - ago. 2018</subfield>
    <subfield code="l">0</subfield>
    <subfield code="o">H347 CIV 8.2018</subfield>
    <subfield code="p">R21969</subfield>
    <subfield code="r">2026-04-10 16:09:30</subfield>
    <subfield code="w">2026-04-10</subfield>
    <subfield code="y">RN</subfield>
  </datafield>
  <datafield tag="952" ind1=" " ind2=" ">
    <subfield code="0">0</subfield>
    <subfield code="1">0</subfield>
    <subfield code="4">0</subfield>
    <subfield code="7">0</subfield>
    <subfield code="a">BCEJYS</subfield>
    <subfield code="b">BCEJYS</subfield>
    <subfield code="c">17</subfield>
    <subfield code="d">2018-07-01</subfield>
    <subfield code="h">A&#xF1;o 4, N&#xB0; 7 - jul. 2018</subfield>
    <subfield code="l">0</subfield>
    <subfield code="o">H347 CIV 7.2018</subfield>
    <subfield code="p">R21914</subfield>
    <subfield code="r">2026-04-10 16:09:30</subfield>
    <subfield code="w">2026-04-10</subfield>
    <subfield code="y">RN</subfield>
  </datafield>
  <datafield tag="952" ind1=" " ind2=" ">
    <subfield code="0">0</subfield>
    <subfield code="1">0</subfield>
    <subfield code="4">0</subfield>
    <subfield code="7">0</subfield>
    <subfield code="a">BCEJYS</subfield>
    <subfield code="b">BCEJYS</subfield>
    <subfield code="c">17</subfield>
    <subfield code="d">2018-06-01</subfield>
    <subfield code="h">A&#xF1;o 4, N&#xB0; 6 - jun. 2018</subfield>
    <subfield code="l">0</subfield>
    <subfield code="o">H347 CIV 6.2018</subfield>
    <subfield code="p">R21895</subfield>
    <subfield code="r">2026-04-10 16:09:30</subfield>
    <subfield code="w">2026-04-10</subfield>
    <subfield code="y">RN</subfield>
  </datafield>
  <datafield tag="952" ind1=" " ind2=" ">
    <subfield code="0">0</subfield>
    <subfield code="1">0</subfield>
    <subfield code="4">0</subfield>
    <subfield code="7">0</subfield>
    <subfield code="a">BCEJYS</subfield>
    <subfield code="b">BCEJYS</subfield>
    <subfield code="c">17</subfield>
    <subfield code="d">2018-05-01</subfield>
    <subfield code="h">A&#xF1;o 4, N&#xB0; 5 - mayo 2018</subfield>
    <subfield code="l">0</subfield>
    <subfield code="o">H347 CIV 5.2018</subfield>
    <subfield code="p">R21878</subfield>
    <subfield code="r">2026-04-10 16:09:30</subfield>
    <subfield code="w">2026-04-10</subfield>
    <subfield code="y">RN</subfield>
  </datafield>
  <datafield tag="952" ind1=" " ind2=" ">
    <subfield code="0">0</subfield>
    <subfield code="1">0</subfield>
    <subfield code="4">0</subfield>
    <subfield code="7">0</subfield>
    <subfield code="a">BCEJYS</subfield>
    <subfield code="b">BCEJYS</subfield>
    <subfield code="c">17</subfield>
    <subfield code="d">2018-04-01</subfield>
    <subfield code="h">A&#xF1;o 4, N&#xB0; 4 - abr. 2018</subfield>
    <subfield code="l">0</subfield>
    <subfield code="o">H347 CIV 4.2018</subfield>
    <subfield code="p">R21871</subfield>
    <subfield code="r">2026-04-10 16:09:30</subfield>
    <subfield code="w">2026-04-10</subfield>
    <subfield code="y">RN</subfield>
  </datafield>
  <datafield tag="952" ind1=" " ind2=" ">
    <subfield code="0">0</subfield>
    <subfield code="1">0</subfield>
    <subfield code="4">0</subfield>
    <subfield code="7">0</subfield>
    <subfield code="a">BCEJYS</subfield>
    <subfield code="b">BCEJYS</subfield>
    <subfield code="c">17</subfield>
    <subfield code="d">2018-03-01</subfield>
    <subfield code="h">A&#xF1;o 4, N&#xB0; 3 - mar. 2018</subfield>
    <subfield code="l">0</subfield>
    <subfield code="o">H347 CIV 3.2018</subfield>
    <subfield code="p">R21889</subfield>
    <subfield code="r">2026-04-10 16:09:30</subfield>
    <subfield code="w">2026-04-10</subfield>
    <subfield code="y">RN</subfield>
  </datafield>
  <datafield tag="952" ind1=" " ind2=" ">
    <subfield code="0">0</subfield>
    <subfield code="1">0</subfield>
    <subfield code="4">0</subfield>
    <subfield code="7">0</subfield>
    <subfield code="a">BCEJYS</subfield>
    <subfield code="b">BCEJYS</subfield>
    <subfield code="c">17</subfield>
    <subfield code="d">2018-02-01</subfield>
    <subfield code="h">A&#xF1;o 4, N&#xBA; 2 - feb. 2018</subfield>
    <subfield code="l">0</subfield>
    <subfield code="o">H347 CIV 2.2018</subfield>
    <subfield code="p">R21780</subfield>
    <subfield code="r">2026-04-10 16:09:30</subfield>
    <subfield code="w">2026-04-10</subfield>
    <subfield code="y">RN</subfield>
  </datafield>
  <datafield tag="952" ind1=" " ind2=" ">
    <subfield code="0">0</subfield>
    <subfield code="1">0</subfield>
    <subfield code="4">0</subfield>
    <subfield code="7">0</subfield>
    <subfield code="a">BCEJYS</subfield>
    <subfield code="b">BCEJYS</subfield>
    <subfield code="c">17</subfield>
    <subfield code="d">2017-12-01</subfield>
    <subfield code="h">A&#xF1;o 3, N&#xBA; 12 - dic. 2017</subfield>
    <subfield code="l">0</subfield>
    <subfield code="o">H347 CIV 12.2017</subfield>
    <subfield code="p">R21728</subfield>
    <subfield code="r">2026-04-10 16:09:30</subfield>
    <subfield code="w">2026-04-10</subfield>
    <subfield code="y">RN</subfield>
  </datafield>
  <datafield tag="952" ind1=" " ind2=" ">
    <subfield code="0">0</subfield>
    <subfield code="1">0</subfield>
    <subfield code="4">0</subfield>
    <subfield code="7">0</subfield>
    <subfield code="a">BCEJYS</subfield>
    <subfield code="b">BCEJYS</subfield>
    <subfield code="c">17</subfield>
    <subfield code="d">2017-11-01</subfield>
    <subfield code="h">A&#xF1;o 3, N&#xBA; 11 - nov. 2017</subfield>
    <subfield code="l">0</subfield>
    <subfield code="o">H347 CIV 11.2017</subfield>
    <subfield code="p">R21578</subfield>
    <subfield code="r">2026-04-10 16:09:30</subfield>
    <subfield code="w">2026-04-10</subfield>
    <subfield code="y">RN</subfield>
  </datafield>
  <datafield tag="952" ind1=" " ind2=" ">
    <subfield code="0">0</subfield>
    <subfield code="1">0</subfield>
    <subfield code="4">0</subfield>
    <subfield code="7">0</subfield>
    <subfield code="a">BCEJYS</subfield>
    <subfield code="b">BCEJYS</subfield>
    <subfield code="c">17</subfield>
    <subfield code="d">2017-10-01</subfield>
    <subfield code="h">A&#xF1;o 3, N&#xBA; 10 - oct. 2017</subfield>
    <subfield code="l">0</subfield>
    <subfield code="o">H347 CIV 10.2017</subfield>
    <subfield code="p">R21451</subfield>
    <subfield code="r">2026-04-10 16:09:30</subfield>
    <subfield code="w">2026-04-10</subfield>
    <subfield code="y">RN</subfield>
  </datafield>
  <datafield tag="952" ind1=" " ind2=" ">
    <subfield code="0">0</subfield>
    <subfield code="1">0</subfield>
    <subfield code="4">0</subfield>
    <subfield code="7">0</subfield>
    <subfield code="a">BCEJYS</subfield>
    <subfield code="b">BCEJYS</subfield>
    <subfield code="c">17</subfield>
    <subfield code="d">2017-09-01</subfield>
    <subfield code="h">A&#xF1;o 3, N&#xBA; 9 - sep. 2017</subfield>
    <subfield code="l">0</subfield>
    <subfield code="o">H347 CIV 9.2017</subfield>
    <subfield code="p">R21390</subfield>
    <subfield code="r">2026-04-10 16:09:30</subfield>
    <subfield code="w">2026-04-10</subfield>
    <subfield code="y">RN</subfield>
  </datafield>
  <datafield tag="952" ind1=" " ind2=" ">
    <subfield code="0">0</subfield>
    <subfield code="1">0</subfield>
    <subfield code="4">0</subfield>
    <subfield code="7">0</subfield>
    <subfield code="a">BCEJYS</subfield>
    <subfield code="b">BCEJYS</subfield>
    <subfield code="c">17</subfield>
    <subfield code="d">2017-08-01</subfield>
    <subfield code="h">A&#xF1;o 3, N&#xBA; 8 - ago. 2017</subfield>
    <subfield code="l">0</subfield>
    <subfield code="o">H347 CIV 8.2017</subfield>
    <subfield code="p">R21201</subfield>
    <subfield code="r">2026-04-10 16:09:30</subfield>
    <subfield code="w">2026-04-10</subfield>
    <subfield code="y">RN</subfield>
  </datafield>
  <datafield tag="952" ind1=" " ind2=" ">
    <subfield code="0">0</subfield>
    <subfield code="1">0</subfield>
    <subfield code="4">0</subfield>
    <subfield code="7">0</subfield>
    <subfield code="a">BCEJYS</subfield>
    <subfield code="b">BCEJYS</subfield>
    <subfield code="c">17</subfield>
    <subfield code="d">2017-07-01</subfield>
    <subfield code="h">A&#xF1;o 3, N&#xBA; 7 - jul. 2017</subfield>
    <subfield code="l">0</subfield>
    <subfield code="o">H347 CIV 7.2017</subfield>
    <subfield code="p">R20802</subfield>
    <subfield code="r">2026-04-10 16:09:30</subfield>
    <subfield code="w">2026-04-10</subfield>
    <subfield code="y">RN</subfield>
  </datafield>
  <datafield tag="952" ind1=" " ind2=" ">
    <subfield code="0">0</subfield>
    <subfield code="1">0</subfield>
    <subfield code="4">0</subfield>
    <subfield code="7">0</subfield>
    <subfield code="a">BCEJYS</subfield>
    <subfield code="b">BCEJYS</subfield>
    <subfield code="c">17</subfield>
    <subfield code="d">2017-06-01</subfield>
    <subfield code="h">A&#xF1;o 3, N&#xBA; 6 - jun. 2017</subfield>
    <subfield code="l">0</subfield>
    <subfield code="o">H347 CIV 6.2017</subfield>
    <subfield code="p">R20773</subfield>
    <subfield code="r">2026-04-10 16:09:30</subfield>
    <subfield code="w">2026-04-10</subfield>
    <subfield code="y">RN</subfield>
  </datafield>
  <datafield tag="952" ind1=" " ind2=" ">
    <subfield code="0">0</subfield>
    <subfield code="1">0</subfield>
    <subfield code="4">0</subfield>
    <subfield code="7">0</subfield>
    <subfield code="a">BCEJYS</subfield>
    <subfield code="b">BCEJYS</subfield>
    <subfield code="c">17</subfield>
    <subfield code="d">2017-05-01</subfield>
    <subfield code="h">A&#xF1;o 3, N&#xBA; 5 - mayo 2017</subfield>
    <subfield code="l">0</subfield>
    <subfield code="o">H347 CIV 5.2017</subfield>
    <subfield code="p">R20746</subfield>
    <subfield code="r">2026-04-10 16:09:30</subfield>
    <subfield code="w">2026-04-10</subfield>
    <subfield code="y">RN</subfield>
  </datafield>
  <datafield tag="952" ind1=" " ind2=" ">
    <subfield code="0">0</subfield>
    <subfield code="1">0</subfield>
    <subfield code="4">0</subfield>
    <subfield code="7">0</subfield>
    <subfield code="a">BCEJYS</subfield>
    <subfield code="b">BCEJYS</subfield>
    <subfield code="c">17</subfield>
    <subfield code="d">2017-04-01</subfield>
    <subfield code="h">a&#xF1;o 3, N&#xBA; 4 - abr. 2017</subfield>
    <subfield code="l">0</subfield>
    <subfield code="o">H347 CIV 4.2017</subfield>
    <subfield code="p">R20744</subfield>
    <subfield code="r">2026-04-10 16:09:30</subfield>
    <subfield code="w">2026-04-10</subfield>
    <subfield code="y">RN</subfield>
  </datafield>
  <datafield tag="952" ind1=" " ind2=" ">
    <subfield code="0">0</subfield>
    <subfield code="1">0</subfield>
    <subfield code="4">0</subfield>
    <subfield code="7">0</subfield>
    <subfield code="a">BCEJYS</subfield>
    <subfield code="b">BCEJYS</subfield>
    <subfield code="c">17</subfield>
    <subfield code="d">2017-03-01</subfield>
    <subfield code="h">A&#xF1;o 3, N&#xBA; 3 - mar. 2017</subfield>
    <subfield code="l">0</subfield>
    <subfield code="o">H347 CIV 3.2017</subfield>
    <subfield code="p">R20688</subfield>
    <subfield code="r">2026-04-10 16:09:30</subfield>
    <subfield code="w">2026-04-10</subfield>
    <subfield code="y">RN</subfield>
  </datafield>
  <datafield tag="952" ind1=" " ind2=" ">
    <subfield code="0">0</subfield>
    <subfield code="1">0</subfield>
    <subfield code="4">0</subfield>
    <subfield code="7">0</subfield>
    <subfield code="a">BCEJYS</subfield>
    <subfield code="b">BCEJYS</subfield>
    <subfield code="c">17</subfield>
    <subfield code="d">2017-02-01</subfield>
    <subfield code="h">A&#xF1;o 3, N&#xBA; 2 - feb. 2017</subfield>
    <subfield code="l">0</subfield>
    <subfield code="o">H347 CIV 2.2017</subfield>
    <subfield code="p">R20674</subfield>
    <subfield code="r">2026-04-10 16:09:30</subfield>
    <subfield code="w">2026-04-10</subfield>
    <subfield code="y">RN</subfield>
  </datafield>
  <datafield tag="952" ind1=" " ind2=" ">
    <subfield code="0">0</subfield>
    <subfield code="1">0</subfield>
    <subfield code="4">0</subfield>
    <subfield code="7">0</subfield>
    <subfield code="a">BCEJYS</subfield>
    <subfield code="b">BCEJYS</subfield>
    <subfield code="c">17</subfield>
    <subfield code="d">2016-12-01</subfield>
    <subfield code="h">A&#xF1;o 2, N&#xBA; 12 - dic. 2016</subfield>
    <subfield code="l">0</subfield>
    <subfield code="o">H347 CIV 12.2016</subfield>
    <subfield code="p">R20637</subfield>
    <subfield code="r">2026-04-10 16:09:30</subfield>
    <subfield code="w">2026-04-10</subfield>
    <subfield code="y">RN</subfield>
  </datafield>
  <datafield tag="952" ind1=" " ind2=" ">
    <subfield code="0">0</subfield>
    <subfield code="1">0</subfield>
    <subfield code="4">0</subfield>
    <subfield code="7">0</subfield>
    <subfield code="a">BCEJYS</subfield>
    <subfield code="b">BCEJYS</subfield>
    <subfield code="c">17</subfield>
    <subfield code="d">2016-11-01</subfield>
    <subfield code="h">A&#xF1;o 2, N&#xBA; 11 - nov. 2016</subfield>
    <subfield code="l">0</subfield>
    <subfield code="o">H347 CIV 11.2016</subfield>
    <subfield code="p">R20592</subfield>
    <subfield code="r">2026-04-10 16:09:30</subfield>
    <subfield code="w">2026-04-10</subfield>
    <subfield code="y">RN</subfield>
  </datafield>
  <datafield tag="952" ind1=" " ind2=" ">
    <subfield code="0">0</subfield>
    <subfield code="1">0</subfield>
    <subfield code="4">0</subfield>
    <subfield code="7">0</subfield>
    <subfield code="a">BCEJYS</subfield>
    <subfield code="b">BCEJYS</subfield>
    <subfield code="c">17</subfield>
    <subfield code="d">2016-10-01</subfield>
    <subfield code="h">A&#xF1;o 2, N&#xBA; 10 - oct. 2016</subfield>
    <subfield code="l">0</subfield>
    <subfield code="o">H347 CIV 10.2016</subfield>
    <subfield code="p">R20577</subfield>
    <subfield code="r">2026-04-10 16:09:30</subfield>
    <subfield code="w">2026-04-10</subfield>
    <subfield code="y">RN</subfield>
  </datafield>
  <datafield tag="952" ind1=" " ind2=" ">
    <subfield code="0">0</subfield>
    <subfield code="1">0</subfield>
    <subfield code="4">0</subfield>
    <subfield code="7">0</subfield>
    <subfield code="a">BCEJYS</subfield>
    <subfield code="b">BCEJYS</subfield>
    <subfield code="c">17</subfield>
    <subfield code="d">2016-09-01</subfield>
    <subfield code="h">A&#xF1;o 2, N&#xBA; 9 - sep. 2016</subfield>
    <subfield code="l">0</subfield>
    <subfield code="o">H347 CIV 9.2016</subfield>
    <subfield code="p">R20499</subfield>
    <subfield code="r">2026-04-10 16:09:30</subfield>
    <subfield code="w">2026-04-10</subfield>
    <subfield code="y">RN</subfield>
  </datafield>
  <datafield tag="952" ind1=" " ind2=" ">
    <subfield code="0">0</subfield>
    <subfield code="1">0</subfield>
    <subfield code="4">0</subfield>
    <subfield code="7">0</subfield>
    <subfield code="a">BCEJYS</subfield>
    <subfield code="b">BCEJYS</subfield>
    <subfield code="c">17</subfield>
    <subfield code="d">2016-08-01</subfield>
    <subfield code="h">A&#xF1;o 2, N&#xBA; 8 - ago. 2016</subfield>
    <subfield code="l">0</subfield>
    <subfield code="o">H347 CIV 8.2016</subfield>
    <subfield code="p">R20474</subfield>
    <subfield code="r">2026-04-10 16:09:30</subfield>
    <subfield code="w">2026-04-10</subfield>
    <subfield code="y">RN</subfield>
  </datafield>
  <datafield tag="952" ind1=" " ind2=" ">
    <subfield code="0">0</subfield>
    <subfield code="1">0</subfield>
    <subfield code="4">0</subfield>
    <subfield code="7">0</subfield>
    <subfield code="a">BCEJYS</subfield>
    <subfield code="b">BCEJYS</subfield>
    <subfield code="c">17</subfield>
    <subfield code="d">2016-07-01</subfield>
    <subfield code="h">A&#xF1;o 2, N&#xBA; 7 - jul. 2016</subfield>
    <subfield code="l">0</subfield>
    <subfield code="o">H347 CIV 7.2016</subfield>
    <subfield code="p">R20381</subfield>
    <subfield code="r">2026-04-10 16:09:30</subfield>
    <subfield code="w">2026-04-10</subfield>
    <subfield code="y">RN</subfield>
  </datafield>
  <datafield tag="952" ind1=" " ind2=" ">
    <subfield code="0">0</subfield>
    <subfield code="1">0</subfield>
    <subfield code="4">0</subfield>
    <subfield code="7">0</subfield>
    <subfield code="a">BCEJYS</subfield>
    <subfield code="b">BCEJYS</subfield>
    <subfield code="c">17</subfield>
    <subfield code="d">2016-06-01</subfield>
    <subfield code="h">A&#xF1;o 2, N&#xBA; 6 - jun. 2016</subfield>
    <subfield code="l">0</subfield>
    <subfield code="o">H347 CIV 6.2016</subfield>
    <subfield code="p">R20326</subfield>
    <subfield code="r">2026-04-10 16:09:30</subfield>
    <subfield code="w">2026-04-10</subfield>
    <subfield code="y">RN</subfield>
  </datafield>
  <datafield tag="952" ind1=" " ind2=" ">
    <subfield code="0">0</subfield>
    <subfield code="1">0</subfield>
    <subfield code="4">0</subfield>
    <subfield code="7">0</subfield>
    <subfield code="a">BCEJYS</subfield>
    <subfield code="b">BCEJYS</subfield>
    <subfield code="c">17</subfield>
    <subfield code="d">2016-05-01</subfield>
    <subfield code="h">A&#xF1;o 2, N&#xBA; 5 - mayo 2016</subfield>
    <subfield code="l">0</subfield>
    <subfield code="o">H347 CIV 5.2016</subfield>
    <subfield code="p">R19913</subfield>
    <subfield code="r">2026-04-10 16:09:30</subfield>
    <subfield code="w">2026-04-10</subfield>
    <subfield code="y">RN</subfield>
  </datafield>
  <datafield tag="952" ind1=" " ind2=" ">
    <subfield code="0">0</subfield>
    <subfield code="1">0</subfield>
    <subfield code="4">0</subfield>
    <subfield code="7">0</subfield>
    <subfield code="a">BCEJYS</subfield>
    <subfield code="b">BCEJYS</subfield>
    <subfield code="c">17</subfield>
    <subfield code="d">2016-04-01</subfield>
    <subfield code="h">A&#xF1;o 2, N&#xBA; 4 - abr. 2016</subfield>
    <subfield code="l">0</subfield>
    <subfield code="o">H347 CIV 4.2016</subfield>
    <subfield code="p">R19778</subfield>
    <subfield code="r">2026-04-10 16:09:30</subfield>
    <subfield code="w">2026-04-10</subfield>
    <subfield code="y">RN</subfield>
  </datafield>
  <datafield tag="952" ind1=" " ind2=" ">
    <subfield code="0">0</subfield>
    <subfield code="1">0</subfield>
    <subfield code="4">0</subfield>
    <subfield code="7">0</subfield>
    <subfield code="a">BCEJYS</subfield>
    <subfield code="b">BCEJYS</subfield>
    <subfield code="c">17</subfield>
    <subfield code="d">2016-03-01</subfield>
    <subfield code="h">A&#xF1;o 2, N&#xBA; 3 - mar. 2016</subfield>
    <subfield code="l">0</subfield>
    <subfield code="o">H347 CIV 3.2016</subfield>
    <subfield code="p">R19777</subfield>
    <subfield code="r">2026-04-10 16:09:30</subfield>
    <subfield code="w">2026-04-10</subfield>
    <subfield code="y">RN</subfield>
  </datafield>
  <datafield tag="952" ind1=" " ind2=" ">
    <subfield code="0">0</subfield>
    <subfield code="1">0</subfield>
    <subfield code="4">0</subfield>
    <subfield code="7">0</subfield>
    <subfield code="a">BCEJYS</subfield>
    <subfield code="b">BCEJYS</subfield>
    <subfield code="c">17</subfield>
    <subfield code="d">2016-02-01</subfield>
    <subfield code="h">A&#xF1;o 2, N&#xBA; 2 - feb. 2016</subfield>
    <subfield code="l">0</subfield>
    <subfield code="o">H347 CIV 2.2016</subfield>
    <subfield code="p">R19013</subfield>
    <subfield code="r">2026-04-10 16:09:30</subfield>
    <subfield code="w">2026-04-10</subfield>
    <subfield code="y">RN</subfield>
  </datafield>
  <datafield tag="952" ind1=" " ind2=" ">
    <subfield code="0">0</subfield>
    <subfield code="1">0</subfield>
    <subfield code="4">0</subfield>
    <subfield code="7">0</subfield>
    <subfield code="a">BCEJYS</subfield>
    <subfield code="b">BCEJYS</subfield>
    <subfield code="c">17</subfield>
    <subfield code="d">2015-12-01</subfield>
    <subfield code="h">A&#xF1;o 1, N&#xBA; 3 - dic. 2015</subfield>
    <subfield code="l">0</subfield>
    <subfield code="o">H347 CIV 12.2015</subfield>
    <subfield code="p">R17779</subfield>
    <subfield code="r">2026-04-10 16:09:30</subfield>
    <subfield code="w">2026-04-10</subfield>
    <subfield code="y">RN</subfield>
  </datafield>
  <datafield tag="952" ind1=" " ind2=" ">
    <subfield code="0">0</subfield>
    <subfield code="1">0</subfield>
    <subfield code="4">0</subfield>
    <subfield code="7">0</subfield>
    <subfield code="a">BCEJYS</subfield>
    <subfield code="b">BCEJYS</subfield>
    <subfield code="c">17</subfield>
    <subfield code="d">2015-11-01</subfield>
    <subfield code="h">A&#xF1;o 1, N&#xBA; 2 - nov. 2015</subfield>
    <subfield code="l">0</subfield>
    <subfield code="o">H347 CIV 11.2015</subfield>
    <subfield code="p">R17771</subfield>
    <subfield code="r">2026-04-10 16:09:30</subfield>
    <subfield code="w">2026-04-10</subfield>
    <subfield code="y">RN</subfield>
  </datafield>
  <datafield tag="952" ind1=" " ind2=" ">
    <subfield code="0">0</subfield>
    <subfield code="1">0</subfield>
    <subfield code="4">0</subfield>
    <subfield code="7">0</subfield>
    <subfield code="a">BCEJYS</subfield>
    <subfield code="b">BCEJYS</subfield>
    <subfield code="c">17</subfield>
    <subfield code="d">2015-10-01</subfield>
    <subfield code="h">A&#xF1;o 1, N&#xBA; 1 - oct. 2015</subfield>
    <subfield code="l">0</subfield>
    <subfield code="o">H347 CIV 10.2015</subfield>
    <subfield code="p">R17643</subfield>
    <subfield code="r">2026-04-10 16:09:30</subfield>
    <subfield code="w">2026-04-10</subfield>
    <subfield code="y">RN</subfield>
  </datafield>
</record>
